000 01109nam2a22002291 4500
001 rc\1143610
005 20250622213842.0
035 _a(NLR Aleph) 006430224
090 _a5540870
_c5540870
100 _a20041129d1980 |||y0rusy50 ca
101 0 _arus
102 _aRU
105 _ay |||||||||
200 0 _aЧ. 2
210 _d1980
_aБ. м.
215 _a[1], 112-215 с.
461 0 _1001rc\1143608
_12001#$aКонцентрация и специализация производства: пути развития, повышения эффективности$eТемат. сб.$fКирг. гос. ун-т им. 50-летия СССР$g[Редкол.: Сеитов В.П. (отв. ред.) и др.]$vЧ. 2
_95540856
_cФрунзе
_d1980-
_fКирг. гос. ун-т им. 50-летия СССР
_nБ. и.
_oТемат. сб.
_tКонцентрация и специализация производства: пути развития, повышения эффективности
_vЧ. 2
801 0 _aRU
_bNLR
_gpsbo
801 1 _aRU
_bELAR
_2rusmarc
852 _aNLR
_j81-3/1566
942 _cBOOK
980 _aNB